000 00581nam a2200229Ia 4500
003 OSt
005 20220928112640.0
006 a|||||r|||| 00| 0
007 ta
008 220927b |||||||| |||| 00| 0 eng d
024 _a42402
037 _cTextual
040 _aSDCL
_cSDCL
_beng
041 _2eng
_aeng
082 _aV2,8'N6, L3
100 _aVarma R S
_9429104
245 0 _aBureaucracy in India
260 _aBhopal
_bProgress Publishers
_c1973
300 _av,106p
_ccm.
942 _hV2,8'N6, L3
_cTEXL
_2CC
999 _c745589
_d745589